Evaluation in social studies (Record no. 494541)

000 -LEADER
fixed length control field 00441cam a22001097a 4500
008 - FIXED-LENGTH DATA ELEMENTS--GENERAL INFORMATION
fixed length control field 180718b1960 xxu||||| |||| 00| 0 eng d
082 ## - DEWEY DECIMAL CLASSIFICATION NUMBER
Classification number P14x54 N213ev/4
245 ## - TITLE STATEMENT
Title Evaluation in social studies
Statement of responsibility, etc. by Directorate of Extension Programmes for Secondary Education
260 ## - PUBLICATION, DISTRIBUTION, ETC.
Place of publication, distribution, etc. New Delhi
Name of publisher, distributor, etc. National Council of Educational Research and Training
Date of publication, distribution, etc. 1960
300 ## - PHYSICAL DESCRIPTION
Extent 43p.
700 ## - ADDED ENTRY--PERSONAL NAME
Personal name India. Directorate of Extension Programmes for Secondary Education
Holdings
Withdrawn status Lost status Damaged status Not for loan Permanent Location Current Location Date acquired Full call number Barcode Date last seen Price effective from Koha item type
        Indian Institute of Public Administration Indian Institute of Public Administration 2018-08-04 P14x54 N213ev/4 G5298 2018-08-04 2018-08-04 G

Powered by Koha